[Event "Dortmund op"]
[Site "Dortmund"]
[Date "1990.??.??"]
[Round "11"]
[White "Petrosian, Arshak B"]
[Black "Smirin, Ilia"]
[Result "1/2-1/2"]
[WhiteElo "2480"]
[BlackElo "2535"]

1.d4 Nf6 2.c4 g6 3.Nc3 Bg7 4.e4 d6 5.Be2 O-O 6.Bg5 Nbd7 7.Qd2 e5 8.d5 Nc5
9.f3 h6 10.Be3 a5 11.Bd1  1/2-1/2

[Event "Gausdal Int"]
[Site "Gausdal"]
[Date "1990.??.??"]
[Round "1"]
[White "Smirin, Ilia"]
[Black "Schneider, Lars Ake"]
[Result "1/2-1/2"]
[WhiteElo "2555"]
[BlackElo "2405"]

1.d4 Nf6 2.c4 e6 3.Nf3 Bb4+ 4.Nbd2 b6 5.a3 Bxd2+ 6.Bxd2 Bb7 7.Bg5 d6 8.e3 Nbd7
9.Bd3 h6 10.Bh4 Qe7 11.O-O O-O 12.Nd2 e5 13.Bf5 Rad8 14.b4 Rfe8 15.d5 Bc8
16.f4 Nf8 17.Bxc8 Rxc8 18.f5 N8h7 19.Ne4 Qd7 20.Bxf6 Nxf6 21.Nxf6+ gxf6 22.Qh5 Kg7
23.Rf3 Rh8 24.Qh4 Qd8 25.a4 Kf8 26.a5 Ke7 27.e4 h5 28.Rfa3 Qg8 29.axb6 axb6
30.c5 bxc5 31.bxc5 Qg5 32.Qf2 h4 33.Rc3 Rhd8 34.Qc2 Ra8 35.Rb1 Kf8 36.Qc1 Qxc1+
37.Rcxc1 Rdb8 38.c6 Rxb1 39.Rxb1 Ke7 40.Rb3 Kd8 41.Rh3 Ra1+ 42.Kf2 Ra2+ 43.Kf3 Ra3+
44.Ke2 Ra2+ 45.Kf3 Ra3+ 46.Kg4 Ra2 47.Rxh4 Rxg2+ 48.Kh3 Rg8 49.Rg4 Rh8+ 50.Kg2 Ke7
51.Rg3 Rh4 52.Ra3 Rh8 53.Ra7 Kd8 54.h3 Rg8+ 55.Kh2 Rh8 56.Ra1 Ke7 57.Ra3 Ra8
58.Rb3 Rh8 59.Kg3 Rg8+ 60.Kf2 Rh8 61.Ke2 Kd8 62.Re3 Ke7 63.Kd3 Rb8 64.Kc4 Rb1
65.Rg3 Rh1 66.Kb5 Kd8 67.h4 Rb1+ 68.Kc4 Rc1+ 69.Kd3 Rh1 70.Rg4 Ke7 71.Ke2 Ra1
72.Kf2 Ra2+ 73.Kg3 Ra8 74.Kh3 Rh8 75.Rg2 Kf8 76.Rb2 Ke7 77.Rh2 Ra8 78.Kg4 Kf8
79.Rb2 Kg7 80.Rb7 Rc8 81.Kf3 Kh6 82.Rb1 Kh5 83.Rg1 Kxh4 84.Rg7 Rf8 85.Rh7+ Kg5
86.Kg3 Ra8 87.Rg7+ Kh5 88.Rxf7 Ra3+ 89.Kf2 Kg5 90.Rxc7 Kf4 91.Rd7 Ra2+ 92.Ke1 Ke3
93.Kd1 Kd3 94.Kc1 Kc3 95.Kb1 Rb2+ 96.Ka1 Rb4 97.Rb7 Rc4 98.Ka2 Ra4+ 99.Kb1 Rc4
100.Ka2  1/2-1/2

[Event "Peer Gynt"]
[Site "Gausdal"]
[Date "1990.??.??"]
[Round "1"]
[White "Smirin, Ilia"]
[Black "Chekhov, Valery A"]
[Result "1/2-1/2"]
[WhiteElo "2555"]
[BlackElo "2495"]

1.e4 e5 2.Nf3 Nf6 3.Nxe5 d6 4.Nf3 Nxe4 5.Qe2 Qe7 6.d3 Nf6 7.Bg5 Nbd7 8.Nc3 Qxe2+
9.Bxe2 h6 10.Bh4 Be7  1/2-1/2

[Event "Peer Gynt"]
[Site "Gausdal"]
[Date "1990.??.??"]
[Round "3"]
[White "Smirin, Ilia"]
[Black "Hjelmaas, Lars"]
[Result "1-0"]
[WhiteElo "2555"]
[BlackElo "2225"]

1.e4 e6 2.d4 d5 3.Nc3 Bb4 4.e5 c5 5.a3 Bxc3+ 6.bxc3 Ne7 7.Qg4 Qc7 8.Qxg7 Rg8
9.Qxh7 cxd4 10.Ne2 Nbc6 11.f4 Bd7 12.Qd3 dxc3 13.Rb1 Nf5 14.Nxc3 a6 15.g3 Rc8
16.Bd2 Na5 17.Bh3 Ne7 18.Ne2 Rh8 19.Bg2 Ba4 20.Nd4 Bxc2 21.Nxc2 Qxc2 22.Qxc2 Rxc2
23.Bxa5 Rxg2 24.Rxb7 Rhxh2 25.Rxh2 Rxh2 26.Rb6 Rg2 27.Rxa6 Ng6 28.Ra8+ Kd7
29.Ra7+ Ke8 30.a4 Rxg3 31.Bd2 Rg4 32.a5 Nxf4 33.a6 Nd3+ 34.Ke2 Nxe5 35.Rc7 Rg2+
36.Kd1 Nc4 37.Rxc4  1-0

[Event "Peer Gynt"]
[Site "Gausdal"]
[Date "1990.??.??"]
[Round "4"]
[White "Bern, Ivar"]
[Black "Smirin, Ilia"]
[Result "0-1"]
[WhiteElo "2335"]
[BlackElo "2555"]

1.d4 Nf6 2.c4 c5 3.d5 g6 4.Nc3 Bg7 5.e4 O-O 6.Nf3 e6 7.Be2 d6 8.Nd2 Na6 9.O-O Nc7
10.Re1 Re8 11.dxe6 Nxe6 12.Nb3 a6 13.Be3 b6 14.Qd2 Ra7 15.f3 h5 16.a4 Rd7
17.Red1 h4 18.a5 bxa5 19.Rxa5 h3 20.g3 Nd4 21.Ra3 Nxe2+ 22.Qxe2 Qb6 23.Nc1 Qc6
24.Rb3 Rb7 25.Rxb7 Bxb7 26.Qd3 Nd7 27.Qxd6 Qxd6 28.Rxd6 Ne5 29.Kf2 Nxc4 30.Rd7 Bc8
31.Rc7 Nxe3 32.Kxe3 Be5 33.Rxc5 Bxg3 34.Nd5 Bxh2 35.Kf2 Kg7 36.Ne2 Be5 37.b3 g5
38.Nb6 h2 39.Kg2 Bh3+ 40.Kh1 Rh8 41.Rc1 Rd8 42.Nc4 Bb8 43.e5 Rh8 44.Ng3 Be6
45.Re1 Kg6 46.Ra1 Bxc4  0-1

[Event "Gausdal Int"]
[Site "Gausdal"]
[Date "1990.??.??"]
[Round "5"]
[White "Smirin, Ilia"]
[Black "Einarsson, Arnthor"]
[Result "1-0"]
[WhiteElo "2555"]
[BlackElo "2250"]

1.e4 c6 2.d4 d5 3.Nd2 dxe4 4.Nxe4 Bf5 5.Ng3 Bg6 6.f4 e6 7.Nf3 Nd7 8.h4 Nh6
9.h5 Bf5 10.Nxf5 Nxf5 11.Bd3 Be7 12.Bd2 Nh4 13.g3 Nxf3+ 14.Qxf3 Bf6 15.c3 Qb6
16.O-O-O O-O-O 17.g4 g6 18.Kb1 c5 19.g5 Bg7 20.h6 Bf8 21.d5 exd5 22.Qxd5 Qd6
23.Qf3 f5 24.Rhe1 Nb6 25.Bc1 Qc7 26.a4 c4 27.Bc2 Bd6 28.a5 Nd7 29.Qd5 Nb8
30.Qe6+ Rd7 31.Ba4  1-0

[Event "Peer Gynt"]
[Site "Gausdal"]
[Date "1990.??.??"]
[Round "6"]
[White "Jansa, Vlastimil"]
[Black "Smirin, Ilia"]
[Result "0-1"]
[WhiteElo "2455"]
[BlackElo "2555"]

1.e4 c5 2.Nf3 Nc6 3.Bb5 g6 4.O-O Bg7 5.Re1 Nf6 6.c3 O-O 7.h3 e5 8.Na3 d6
9.d4 cxd4 10.Bxc6 bxc6 11.cxd4 exd4 12.Nxd4 Bb7 13.Nb3 a5 14.Bg5 h6 15.Bh4 g5
16.Bg3 Re8 17.e5 Nd5 18.Nc4 dxe5 19.Bxe5 Bf8 20.Bd4 Nf4 21.Ncxa5 Qd5 22.f3 Ba6
23.Rxe8 Rxe8 24.Bf2 Nd3 25.a3 Bd6 26.Qd2 Bf4  0-1

[Event "Gausdal Int"]
[Site "Gausdal"]
[Date "1990.??.??"]
[Round "6"]
[White "Carlhammar, Magnus"]
[Black "Smirin, Ilia"]
[Result "0-1"]
[WhiteElo "2260"]
[BlackElo "2555"]

1.Nf3 Nf6 2.g3 g6 3.b3 Bg7 4.Bb2 O-O 5.c4 d6 6.d4 c5 7.Bg2 Ne4 8.O-O Nc6
9.Qc2 Bf5 10.Qd1 Bg4 11.e3 Ng5 12.h4 Ne6 13.Qd3 Bxf3 14.Bxf3 cxd4 15.Bxc6 bxc6
16.Kg2 Nc5 17.Qd1 dxe3 18.Bxg7 Kxg7  0-1

[Event "Gausdal Int"]
[Site "Gausdal"]
[Date "1990.??.??"]
[Round "7"]
[White "Smirin, Ilia"]
[Black "Davies, Nigel R"]
[Result "1/2-1/2"]
[WhiteElo "2555"]
[BlackElo "2485"]

1.e4 c5 2.Nf3 g6 3.d4 Bg7 4.Nc3 cxd4 5.Nxd4 Nc6 6.Be3 Nf6 7.Nxc6 bxc6 8.e5 Ng8
9.f4 Nh6 10.Bc4 O-O 11.O-O d6 12.exd6 exd6 13.Bd4 Bxd4+ 14.Qxd4 Qb6 15.Qxb6 axb6
16.Bd3 Bf5 17.Rfd1 d5 18.Ne2 Rfe8 19.Nd4 Bxd3 20.Rxd3 c5 21.Nb5 Re2 22.Nc7 Ra4
23.Nxd5 Rxc2 24.Re1 Rd4 25.Nf6+ Kg7 26.Ne8+ Kf8 27.Rh3 Ng4 28.Rxh7 Kg8 29.Rh4 Re4
30.Rf1 Rxe8  1/2-1/2

[Event "Gausdal Int"]
[Site "Gausdal"]
[Date "1990.??.??"]
[Round "8"]
[White "Gausel, Einar"]
[Black "Smirin, Ilia"]
[Result "0-1"]
[WhiteElo "2460"]
[BlackElo "2555"]

1.d4 Nf6 2.c4 g6 3.Nc3 Bg7 4.e4 d6 5.Nf3 O-O 6.Be2 e5 7.Be3 exd4 8.Nxd4 Re8
9.f3 c6 10.Nc2 d5 11.cxd5 cxd5 12.exd5 Bf5 13.Bf2 Nh5 14.O-O Nf4 15.Bb5 Bd7
16.Bc4 Na6 17.Kh1 Rc8 18.Bxa6 bxa6 19.Bd4 Bb5 20.Nxb5 axb5 21.Bxg7 Kxg7 22.Ne3 Qg5
23.Qd4+ Qe5 24.Qxe5+ Rxe5 25.Ng4 Rxd5 26.Rf2 f5 27.Ne3 Re5 28.Nf1 Re2 29.Rxe2 Nxe2
30.Ne3 f4 31.Nd5 Rc2 32.b4 Kf7 33.a3 Ke6 34.Rd1 Ke5 35.h3 Ng3+ 36.Kg1 Nf5
37.Rd3 Rc1+ 38.Kf2 Ng3 39.Nxf4 Kxf4 40.Rd4+ Ke5 41.Rd7 Nf5 42.Rxh7 Rc2+ 43.Ke1 Rxg2
44.Rxa7 Kd4 45.a4 Ke3 46.Kd1 Ra2  0-1

[Event "Peer Gynt"]
[Site "Gausdal"]
[Date "1990.??.??"]
[Round "9"]
[White "Smirin, Ilia"]
[Black "Schneider, Lars Ake"]
[Result "1-0"]
[WhiteElo "2555"]
[BlackElo "2405"]

1.e4 c5 2.Nf3 Nc6 3.Bb5 g6 4.c3 Nf6 5.e5 Nd5 6.O-O Bg7 7.d4 cxd4 8.cxd4 O-O
9.Nc3 Nc7 10.Bg5 d6 11.Bxc6 bxc6 12.Qa4 Bg4 13.Qxc6 Ne6 14.Be3 Bxf3 15.Qxf3 dxe5
16.dxe5 Bxe5 17.Nd5 Bxb2 18.Rad1 Qa5 19.Nxe7+ Kh8 20.Rd4 Rae8 21.Qf6+ Ng7
22.Bh6 Rg8 23.Nxg8 Bxd4 24.Bxg7+ Kxg8 25.Qxd4 Re1 26.Bf6 Rxf1+ 27.Kxf1 Qb5+
28.Ke1 Qb1+ 29.Qd1 Qb4+ 30.Kf1 Qc4+ 31.Kg1  1-0

[Event "Groningen op"]
[Site "Groningen"]
[Date "1990.??.??"]
[Round "3"]
[White "Blauert, Joerg"]
[Black "Smirin, Ilia"]
[Result "1/2-1/2"]
[WhiteElo "2370"]
[BlackElo "2555"]

1.e4 c5 2.c3 d6 3.d4 Nf6 4.dxc5 Nc6 5.Bc4 Nxe4 6.Bxf7+ Kxf7 7.Qh5+ Kg8 8.Qd5+ e6
9.Qxe4 d5 10.Qd3 d4 11.Qe4 Qd5 12.Nd2 dxc3 13.bxc3 Ne5 14.Ba3 Nd3+ 15.Ke2 Nxc5
16.Qxd5 exd5 17.Nb3 Ne4 18.Bxf8 Kxf8 19.Rc1 b6 20.f3 Ba6+ 21.Ke3 Nd6 22.Nd4 Kf7
23.Nge2 Rac8 24.Kf2 Rc4 25.Rc2 Rhc8 26.Rb1 Ra4 27.Rd1 Bc4 28.Rdd2 Re8 29.Nf4 g5
30.Nd3 Ne4+ 31.fxe4 dxe4 32.Nb2 e3+ 33.Ke1 exd2+ 34.Kxd2 Rxa2 35.Nxc4 Rxc2+
36.Kxc2 Re1 37.Kd3 Kf6 38.Ne3 Ra1 39.Ng4+ Kf7 40.Ne5+ Ke7 41.h4 gxh4 42.Nef3 Kf6
43.Nxh4 Kg5 44.Nhf3+ Kg4 45.Ne2 a5 46.Nfd4 a4 47.Kc2 h5 48.Nc1 Kg3 49.Kb2 Rxc1
50.Kxc1 Kxg2 51.Nf5 Kf3 52.Kb2 Kf4 53.Nh4 b5 54.Ka3 Ke4 55.Kb2 Kf4 56.Ka2 Kg4  1/2-1/2

[Event "Groningen op"]
[Site "Groningen"]
[Date "1990.??.??"]
[Round "6"]
[White "Smirin, Ilia"]
[Black "Foisor, Cristina Adela B"]
[Result "1-0"]
[WhiteElo "2555"]
[BlackElo "2330"]

1.e4 e5 2.Nf3 Nf6 3.d4 Nxe4 4.Bd3 d5 5.Nxe5 Nd7 6.Nxd7 Bxd7 7.O-O Qh4 8.Nc3 Nxc3
9.bxc3 O-O-O 10.Qf3 Bd6 11.g3 Qh3 12.Qxd5 g6 13.Ba6 Be6 14.Qxb7+ Kd7 15.d5 Rb8
16.dxe6+ fxe6 17.Bb5+ Ke7 18.Bg5+ Kf7 19.Qf3+ Qf5 20.Qxf5+ gxf5 21.Bc4 Kg6
22.Be3 e5 23.Rab1 a5 24.Bd5 f4 25.Be4+ Kh5 26.Ba7  1-0

[Event "Lvov zt"]
[Site "Lvov"]
[Date "1990.??.??"]
[Round "?"]
[White "Smirin, Ilia"]
[Black "Chernin, Alexander"]
[Result "1-0"]
[WhiteElo "2535"]
[BlackElo "2600"]

1.e4 d6 2.d4 g6 3.Nc3 c6 4.f4 d5 5.e5 h5 6.Nf3 Bg4 7.h3 Bxf3 8.Qxf3 e6 9.Bd3 Nd7
10.Be3 Bb4 11.O-O Nh6 12.Ne2 h4 13.b3 Be7 14.c4 Kf8 15.Rac1 Kg7 16.Rc2 Rc8
17.Rfc1 Ba3 18.Rb1 Be7 19.Bf2 Nb8 20.c5 a5 21.b4 axb4 22.Rxb4 b5 23.a4 Qa5
24.Be1 Na6 25.Rb1 b4 26.Nc1 Nf5 27.Nb3 Qxa4 28.Qe2 Ra8 29.Bxf5 exf5 30.Ra2 Qb5
31.Qxb5 cxb5 32.Rba1 Nc7 33.Ra7 Rxa7 34.Rxa7 Rc8 35.Bxb4 Kf8 36.Kf2 Ke8 37.Na5 Ne6
38.Nb7 Rc7 39.Ba5 Rxb7 40.Rxb7 Nxd4 41.Bb6 b4 42.Ke3 Nc6 43.Kd3 b3 44.Kc3 d4+
45.Kxb3 Bxc5 46.Kc4 Bxb6 47.Rxb6 Kd7 48.Kd5 Nd8 49.Kxd4 Ne6+ 50.Ke3 Ng7 51.Rb4 Nh5
52.Rb2 Ke6 53.Ra2 Ke7 54.Rf2 Ng7 55.Rf3 Nh5 56.Kd4 Ke6 57.Kc5 Ng3 58.Ra3 Ne2
59.Ra4 Nc3 60.Ra6+ Ke7 61.e6 fxe6 62.Kd4 Ne4 63.Ke5 Nc5 64.Ra7+ Nd7+ 65.Kd4 Ke8
66.Ra8+ Kf7 67.Rd8 Nf8 68.Ke5 g5 69.Rxf8+  1-0

[Event "Lvov zt"]
[Site "Lvov"]
[Date "1990.??.??"]
[Round "?"]
[White "Smirin, Ilia"]
[Black "Giorgadze, Giorgi"]
[Result "0-1"]
[WhiteElo "2535"]
[BlackElo "2485"]

1.d4 d5 2.Nf3 Nf6 3.c4 e6 4.g3 Bb4+ 5.Nbd2 c5 6.cxd5 Qxd5 7.Bg2 cxd4 8.O-O O-O
9.Nb3 d3 10.exd3 a5 11.Bg5 a4 12.Bxf6 gxf6 13.Nfd2 Qf5 14.Nc1 Nc6 15.Nc4 Bc5
16.Ne2 Rd8 17.Nf4 Qg5 18.Rc1 Bd7 19.Nd2 Be7 20.Ne4 Qe5 21.Re1 f5 22.Nc3 Qd4
23.a3 Be8 24.Qh5 Qg7 25.h3 Bg5 26.Rcd1 Nd4 27.Nce2 f6 28.Nxd4 Bxh5 29.Ndxe6 Qh6
30.Nxh5 Qxh5 31.h4 Bh6 32.Bxb7 f4 33.d4 fxg3 34.fxg3 Rab8 35.Nxd8 Rxd8 36.d5 Bf8
37.Ba6 Bd6 38.Kg2 Qg4 39.Rd3 Be5  0-1

[Event "Lvov zt"]
[Site "Lvov"]
[Date "1990.??.??"]
[Round "?"]
[White "Smirin, Ilia"]
[Black "Lputian, Smbat G"]
[Result "0-1"]
[WhiteElo "2535"]
[BlackElo "2545"]

1.e4 e6 2.d4 d5 3.Nc3 Bb4 4.e5 c5 5.a3 Ba5 6.b4 cxd4 7.Nb5 Bc7 8.f4 Nh6 9.Nf3 Bd7
10.Nxc7+ Qxc7 11.Bb2 a5 12.Bd3 axb4 13.axb4 Rxa1 14.Qxa1 O-O 15.Bxd4 Nc6
16.Bc5 Rc8 17.O-O b6 18.Bd6 Qd8 19.Qd1 Ne7 20.Ng5 Nef5 21.Qh5 Ba4 22.Bxf5 exf5
23.Rf3 Rxc2 24.h3 Rc1+ 25.Rf1 Rxf1+ 26.Kxf1 Qc8 27.Qh4 d4 28.Nf3 d3 29.Qe1 Qc4
30.Kg1 Bc6 31.Qh4 f6 32.exf6 Bxf3 33.Qg3 Qd4+ 34.Kh2 Bg4 35.Be5 Qd7 36.hxg4 Nxg4+
37.Kg1 gxf6 38.Bb2 d2 39.Qb3+ Kg7 40.Qd1 Qd3  0-1

[Event "Lvov zt"]
[Site "Lvov"]
[Date "1990.??.??"]
[Round "?"]
[White "Romanishin, Oleg M"]
[Black "Smirin, Ilia"]
[Result "1/2-1/2"]
[WhiteElo "2525"]
[BlackElo "2535"]

1.d4 Nf6 2.Nf3 g6 3.g3 Bg7 4.Bg2 O-O 5.O-O d5 6.Bf4 c6 7.Qc1 Bf5 8.c4 Re8
9.Nbd2 Nbd7 10.Nb3 Qb6 11.h3 a5 12.Rd1 a4 13.Nbd2 a3 14.b3 Ne4 15.c5 Qb4
16.Nxe4 dxe4 17.Bd2 Qb5 18.Bf1 Nxc5 19.dxc5 Bb2 20.Nd4 Bxc1 21.Nxb5 Bxd2
22.Rxd2 cxb5 23.e3 Red8 24.Rad1 Rxd2 25.Rxd2 Ra5 26.Rd4 b4 27.g4 Be6 28.Bc4 Rxc5
29.Bxe6 fxe6 30.Rxb4 b5 31.Rxe4 e5 32.Kf1 Kf7 33.Rb4 Ke6 34.Ke2 Rd5 35.g5 Rc5
36.Kd2 Rd5+  1/2-1/2

[Event "Moscow op"]
[Site "Moscow"]
[Date "1990.??.??"]
[Round "?"]
[White "Gusev, Yuri S"]
[Black "Smirin, Ilia"]
[Result "0-1"]
[WhiteElo "2380"]
[BlackElo "2555"]

1.f4 Nf6 2.Nf3 d6 3.b3 e5 4.e3 e4 5.Nd4 c5 6.Bb5+ Ke7 7.Nf3 exf3 8.Qxf3 a6
9.Bd3 Nc6 10.Bb2 Kd7 11.g4 Kc7 12.g5 Ne8 13.Nc3 Nb4 14.Be4 f5 15.Bd3 Nxd3+
16.cxd3 Bd7 17.d4 cxd4 18.Nd5+ Kb8 19.Rc1 dxe3 20.Qxe3 Bc6 21.Qd4 Bxd5 22.Qxd5 h6
23.Qxf5 hxg5 24.fxg5 Be7 25.g6 Bf6  0-1

[Event "Moscow op"]
[Site "Moscow"]
[Date "1990.??.??"]
[Round "?"]
[White "Smirin, Ilia"]
[Black "Galdunts, Sergey"]
[Result "1/2-1/2"]
[WhiteElo "2555"]
[BlackElo "2450"]

1.e4 e5 2.Nf3 Nc6 3.Bb5 a6 4.Ba4 Nf6 5.O-O Be7 6.Re1 b5 7.Bb3 d6 8.c3 O-O
9.d4 Bg4 10.d5 Na5 11.Bc2 c6 12.h3 Bc8 13.dxc6 Qc7 14.Nbd2 Qxc6 15.Nf1 h6
16.Ng3 Re8 17.Nh4 Be6 18.Nhf5 Bf8 19.Qf3 Nh7 20.h4 Nc4 21.a4 Nb6 22.a5 Nd7
23.Be3 d5 24.exd5 Bxd5 25.Be4 Nhf6 26.Bxd5 Qxd5 27.Rad1 Qxf3 28.gxf3 Nc5
29.Bxc5 Bxc5 30.Ne4 Nxe4 31.fxe4 Rad8 32.b4 Bf8 33.Ne3  1/2-1/2

[Event "Moscow op"]
[Site "Moscow"]
[Date "1990.??.??"]
[Round "?"]
[White "Serper, Grigory"]
[Black "Smirin, Ilia"]
[Result "1/2-1/2"]
[WhiteElo "2485"]
[BlackElo "2555"]

1.c4 e5 2.g3 Nf6 3.Bg2 d5 4.cxd5 Nxd5 5.Nc3 Nb6 6.Nf3 Nc6 7.O-O Be7 8.d3 O-O
9.Be3 Re8 10.Rc1 Bf8 11.Ne4 Nd4 12.Nc5 Nxf3+ 13.Bxf3 c6 14.a3 Nd5 15.Bd2 b6
16.Ne4 c5 17.Qa4 Bb7 18.b4 f5 19.Qb3 fxe4 20.dxe4 Kh8 21.exd5 e4 22.Bg2 Qxd5
23.Qb2 Rad8 24.Bc3 Rd7 25.Bh3 Rf7 26.Rfd1 Qh5 27.Bg2 Ba6 28.Rc2 Qf5 29.Be1 Bb7
30.Qb3  1/2-1/2

[Event "World op"]
[Site "Philadelphia"]
[Date "1990.??.??"]
[Round "4"]
[White "Smirin, Ilia"]
[Black "Paglietti, Nicola"]
[Result "1-0"]
[WhiteElo "2535"]
[BlackElo "2350"]

1.e4 e5 2.Nf3 Nc6 3.Bb5 Nd4 4.Nxd4 exd4 5.O-O c6 6.Bc4 Nf6 7.Qf3 d6 8.d3 Be7
9.c3 dxc3 10.Nxc3 O-O 11.h3 b5 12.Bb3 Bb7 13.Qg3 Qd7 14.f4 d5 15.e5 Ne8 16.f5 f6
17.e6 Qc7 18.Qg4 b4 19.Ne2 c5 20.Bf4 Bd6 21.Rac1 Rc8 22.Kh1 Qe7 23.Ba4 Nc7
24.Bd7 Rb8 25.Bxd6 Qxd6 26.Nf4 Na6 27.Rf3 Rfe8 28.Bxe8 Rxe8 29.Rg3 Qf8 30.Qh5 Rc8
31.Rg4 Qe8 32.Qh6  1-0

[Event "World op"]
[Site "Philadelphia"]
[Date "1990.??.??"]
[Round "6"]
[White "Smirin, Ilia"]
[Black "Browne, Walter S"]
[Result "1/2-1/2"]
[WhiteElo "2535"]
[BlackElo "2560"]

1.e4 c5 2.Nf3 d6 3.d4 cxd4 4.Nxd4 Nf6 5.Nc3 a6 6.Be3 e5 7.Nf3 Qc7 8.a4 Be7
9.a5 O-O 10.Be2 Qc6 11.Ra4 Be6 12.O-O Nbd7 13.Ng5 d5 14.exd5 Nxd5 15.Nxe6 Nxc3
16.bxc3 Qxe6 17.Bf3 Nf6 18.Bxb7 Rad8 19.Qf3 Nd5 20.Bxd5 Rxd5 21.c4 Rd7 22.Bb6 e4
23.Qe2 Qc6 24.Raa1 Bc5 25.Bxc5 Qxc5 26.Qxe4 Rfd8 27.g3 g6 28.c3 Rd3 29.Qh4 Kg7
30.Ra2 R8d6 31.Qe7 Rxc3 32.Rb2 Rxc4 33.Rb8 Rd1 34.Qe8 Rxf1+ 35.Kxf1 Rc1+
36.Kg2 Qd5+ 37.Kh3 Qh5+  1/2-1/2

[Event "URS-chT"]
[Site "Podolsk"]
[Date "1990.??.??"]
[Round "?"]
[White "Utemov, Vladimir"]
[Black "Smirin, Ilia"]
[Result "1/2-1/2"]
[WhiteElo "2405"]
[BlackElo "2535"]

1.e4 c5 2.Nf3 Nc6 3.Bb5 g6 4.O-O Bg7 5.c3 Nf6 6.Qe2 O-O 7.d4 d5 8.e5 Ne4
9.Nbd2 cxd4 10.cxd4 Qb6 11.Nxe4 dxe4 12.Bxc6 Qxc6 13.Ng5 Bf5 14.Re1 Rad8
15.Nxe4 Rxd4 16.Nc3 Bd3 17.Qe3 Rfd8 18.Qg3 Bf5 19.h3 b5 20.Be3 Rd3 21.Qh4 Qb7
22.Bc5 R8d7 23.Qb4 Rc7 24.Rac1 Bh6 25.Be3 Bxe3 26.Rxe3 Rxe3 27.fxe3 Be4 28.e6 fxe6
29.Rd1 Rc4 30.Qa5 Rc8 31.Rd8+ Rxd8 32.Qxd8+ Kf7 33.Qh8 g5 34.Qe5 Bxg2 35.Qxg5 Bc6
36.Ne2 Be4 37.Nd4 Qd5 38.Qf4+ Bf5 39.a3 a5 40.Kh2 Qa2 41.Qf2 Qd5 42.Qf4 b4
43.axb4 axb4 44.Nf3 Qd6 45.Qe5 h6 46.Kg3 Be4 47.Qf4+ Qxf4+ 48.Kxf4 Bxf3 49.Kxf3 Kf6
50.Kf4 e5+ 51.Kf3 Kg5 52.b3 e4+ 53.Kg3 h5  1/2-1/2

[Event "URS-chT"]
[Site "Podolsk"]
[Date "1990.??.??"]
[Round "?"]
[White "Lputian, Smbat G"]
[Black "Smirin, Ilia"]
[Result "1-0"]
[WhiteElo "2545"]
[BlackElo "2535"]

1.d4 Nf6 2.c4 g6 3.Nc3 Bg7 4.e4 d6 5.Nf3 O-O 6.Be2 e5 7.O-O Nc6 8.d5 Ne7
9.Nd2 a5 10.a3 Nd7 11.Rb1 f5 12.b4 Kh8 13.f3 Ng8 14.exf5 gxf5 15.Qc2 Ne7
16.f4 axb4 17.axb4 Ng6 18.fxe5 Ndxe5 19.Nf3 Bd7 20.Ng5 Qe7 21.Nb5 Ng4 22.Qd2 f4
23.Ne6 Bxe6 24.dxe6 Ne3 25.Rf2 Ne5 26.Bb2 Ra2 27.Qc1 c6 28.Nd4 c5 29.bxc5 dxc5
30.Nc2 N5xc4 31.Bxc4 Nxc4 32.Bxg7+ Qxg7 33.Qe1 Rg8 34.Qe4 b5 35.e7 Re8 36.Rxb5 Nd6
37.Qxf4 Nxb5 38.Qf8+ Qxf8 39.Rxf8+ Kg7 40.Rxe8 Kf7 41.Rh8 Kxe7 42.Rxh7+ Ke6
43.Ne3 Ke5 44.h4 Kf4 45.Nd5+ Kg3 46.Rg7+ Kxh4 47.Nf6  1-0

[Event "URS-chT"]
[Site "Podolsk"]
[Date "1990.??.??"]
[Round "?"]
[White "Meshkov, Yuri A"]
[Black "Smirin, Ilia"]
[Result "1/2-1/2"]
[WhiteElo "2320"]
[BlackElo "2535"]

1.e4 c5 2.Nf3 d6 3.d4 cxd4 4.Nxd4 Nf6 5.Nc3 g6 6.Be2 Bg7 7.O-O Nc6 8.Nb3 O-O
9.f4 b5 10.a3 Be6 11.Be3 a6 12.Nd4 Nxd4 13.Bxd4 Rc8 14.f5 Bc4 15.Bd3 Re8
16.Qf3 Nd7 17.Bxg7 Kxg7 18.Kh1 a5 19.Qh3 Ne5 20.Bxc4 Rxc4 21.Nd5 gxf5 22.exf5 Kh8
23.f6 e6 24.Ne7 Rxe7 25.Qh6 Rg4 26.fxe7 Qxe7 27.h3 Rg6 28.Qd2 Qg5 29.Qe2 Kg8
30.b3 Qg3 31.Qf2 Qxf2 32.Rxf2 Rg3 33.Rd1 d5 34.Rd4 Re3 35.Kg1 Re1+ 36.Rf1 Re2
37.Rf2 Re1+  1/2-1/2

[Event "URS-chT"]
[Site "Podolsk"]
[Date "1990.??.??"]
[Round "?"]
[White "Smirin, Ilia"]
[Black "Kharitonov, Andrei Y"]
[Result "1/2-1/2"]
[WhiteElo "2535"]
[BlackElo "2500"]

1.e4 c6 2.d4 d5 3.Nd2 dxe4 4.Nxe4 Nd7 5.Bd3 Ngf6 6.Ng5 e6 7.N1f3 Bd6 8.O-O h6
9.Ne4 Nxe4 10.Bxe4 O-O 11.c3 Nf6 12.Bc2 c5 13.Ne5 cxd4 14.cxd4 b6 15.Qf3 Ba6
16.Rd1 Qc7 17.Bd3 Bxd3 18.Nxd3 Nd5 19.h3 Qe7 20.Be3 Rac8 21.Rac1 Qf6 22.Qe4 Rfd8
23.a3 Qe7 24.Qg4 Nf6 25.Qf3 Nd5 26.Qg4 Qf6 27.Qe4 Qe7  1/2-1/2

[Event "URS-chT"]
[Site "Podolsk"]
[Date "1990.??.??"]
[Round "?"]
[White "Smirin, Ilia"]
[Black "Pigusov, Evgeny"]
[Result "1/2-1/2"]
[WhiteElo "2535"]
[BlackElo "2545"]

1.e4 c5 2.Nf3 Nc6 3.d4 cxd4 4.Nxd4 g6 5.Nc3 Bg7 6.Nde2 d6 7.g3 Nf6 8.Bg2 O-O
9.O-O Bd7 10.h3 Rb8 11.a4 a6 12.Be3 b5 13.axb5 axb5 14.Nd5 b4 15.Ra2 Ne8
16.Bg5 h6 17.Bd2 e6 18.Ne3 Nc7 19.c4 bxc3 20.Bxc3 Nb5 21.Bxg7 Kxg7 22.Qd2 e5  1/2-1/2

[Event "URS-chT"]
[Site "Podolsk"]
[Date "1990.??.??"]
[Round "?"]
[White "Smirin, Ilia"]
[Black "Tseshkovsky, Vitaly"]
[Result "1-0"]
[WhiteElo "2535"]
[BlackElo "2490"]

1.d4 Nf6 2.Nf3 g6 3.c4 Bg7 4.Nc3 O-O 5.e4 d6 6.Be2 c6 7.O-O a6 8.Bg5 h6 9.Be3 b5
10.a3 Kh7 11.h3 bxc4 12.Bxc4 d5 13.exd5 Nxd5 14.Nxd5 cxd5 15.Bd3 Nc6 16.Rc1 Qb6
17.b4 Bd7 18.Rc5 e6 19.Qd2 Rfc8 20.Rfc1 Bf8 21.R5c3 Be8 22.h4 Na7 23.Rxc8 Rxc8
24.h5 Rxc1+ 25.Qxc1 a5 26.Ne5 Bg7 27.hxg6+ fxg6 28.Qc2 Bxe5 29.dxe5 d4 30.Bc1 axb4
31.Qd2 b3 32.Qxh6+ Kg8 33.Bg5 Qc7 34.Bxg6 b2 35.Bb1 Nb5 36.Qxe6+ Qf7 37.Qg4 Qg7
38.Ba2+ Bf7 39.e6 b1=Q+ 40.Bxb1  1-0

[Event "Beijing op"]
[Site "Beijing"]
[Date "1991.??.??"]
[Round "3"]
[White "Ye Jiangchuan"]
[Black "Smirin, Ilia"]
[Result "1-0"]
[WhiteElo "2515"]
[BlackElo "2560"]

1.e4 c5 2.Nf3 d6 3.d4 cxd4 4.Nxd4 Nf6 5.Nc3 Nc6 6.Be2 e5 7.Nf3 h6 8.O-O Be7
9.Re1 O-O 10.h3 Qc7 11.Bf1 Nb8 12.Nb5 Qc6 13.c4 Nxe4 14.Nbd4 exd4 15.Nxd4 Bh4
16.Nxc6 Bxf2+ 17.Kh2 Bg3+ 18.Kg1 Bf2+ 19.Kh1 Ng3+ 20.Kh2 Nxc6 21.Bf4 Bxe1
22.Qxe1 Nxf1+ 23.Qxf1 Rd8 24.Rd1 Be6 25.Bxd6 Rd7 26.Qf4 Rad8 27.c5 Bxa2 28.Re1 Be6
29.Qh4 a6 30.Re3 Re8 31.Rg3 Kh7 32.Bf4 Rd4 33.Rxg7+ Kxg7 34.Qxh6+ Kg8 35.Bg5 Rg4
36.Bf6  1-0

[Event "Beijing op"]
[Site "Beijing"]
[Date "1991.??.??"]
[Round "4"]
[White "Smirin, Ilia"]
[Black "Wong Meng Kong"]
[Result "1/2-1/2"]
[WhiteElo "2560"]
[BlackElo "2385"]

1.e4 e5 2.Nf3 Nc6 3.Bb5 a6 4.Ba4 Nf6 5.O-O Be7 6.Re1 b5 7.Bb3 d6 8.c3 O-O
9.h3 Be6 10.d4 Bxb3 11.axb3 exd4 12.cxd4 d5 13.e5 Ne4 14.Nc3 f5 15.exf6 Bxf6
16.Nxe4 dxe4 17.Rxe4 Qd5 18.Rf4 Ne5 19.Nxe5 Bxe5 20.Rxf8+ Rxf8 21.Be3 Rd8
22.Qc2 Bd6 23.Rxa6 Rf8 24.Ra5 Bb4 25.Ra1 Bd6 26.Qd3 Rb8 27.Ra7 Rd8 28.Ra5 Rb8
29.Qc2 Rd8 30.Qc4 bxc4 31.Rxd5 Bh2+ 32.Kxh2 Rxd5 33.bxc4 Ra5 34.d5 Kf7 35.Bf4 Ke8
36.Bxc7 Rc5 37.Be5 Rxc4 38.Bxg7 Rc5 39.g4 Rxd5 40.Kg3 Kf7 41.Bc3 Rd3+ 42.f3 Kg6
43.Kf4 Rd1 44.b4 Rh1 45.Kg3 Rb1 46.Kf4 Rh1 47.Be5 Rxh3 48.b5 Rh1 49.b6 Rb1
50.Bc7 Rb5 51.Ke4 h5 52.gxh5+ Kxh5 53.Kd3 Kg5 54.Kc4 Rxb6  1/2-1/2

[Event "Beijing op"]
[Site "Beijing"]
[Date "1991.??.??"]
[Round "6"]
[White "Smirin, Ilia"]
[Black "Wang Pin"]
[Result "1/2-1/2"]
[WhiteElo "2560"]
[BlackElo "2220"]

1.e4 c5 2.Nf3 d6 3.d4 cxd4 4.Nxd4 Nf6 5.Nc3 e6 6.Be2 a6 7.O-O Be7 8.a4 O-O
9.a5 b5 10.axb6 Qxb6 11.Nb3 Bb7 12.Bd3 Nc6 13.Be3 Qc7 14.Qe2 Ne5 15.f4 Nxd3
16.cxd3 Rfc8 17.Rfc1 Qd7 18.Na5 Bd8 19.Kh1 Bc6 20.Nc4 Qe7 21.Nb6 Bxb6 22.Bxb6 e5
23.Rf1 Qb7 24.Be3 Nd7 25.Rad1 Re8 26.fxe5 dxe5 27.Rf3 Re6 28.Bc1 Rf6 29.Rh3 Re8
30.Bg5 Rg6 31.Be3 Nf8 32.Rf1 Bd7 33.Rg3 Rxg3 34.hxg3 Be6 35.Na4 Nd7 36.Rc1 Rc8  1/2-1/2

[Event "Beijing op"]
[Site "Beijing"]
[Date "1991.??.??"]
[Round "9"]
[White "Bykhovsky, Avigdor"]
[Black "Smirin, Ilia"]
[Result "1/2-1/2"]
[WhiteElo "2490"]
[BlackElo "2560"]

1.d4 Nf6 2.c4 g6 3.Nc3 Bg7 4.e4 d6 5.f3 O-O 6.Be3 Nc6 7.Nge2 a6 8.Qd2 Rb8
9.h4 h5 10.Nc1 Ne8 11.Nb3 f5 12.exf5 Bxf5 13.O-O-O Nf6 14.Bh6 e5 15.Bxg7 Kxg7
16.dxe5 dxe5 17.Qe3 Qe7 18.Bd3 Bxd3 19.Rxd3 Rbd8 20.Rhd1 Rxd3 21.Rxd3 e4
22.Nxe4 Nxe4 23.Qxe4 Qxe4 24.fxe4 Ne5 25.Rd5 Rf1+ 26.Kc2 Nxc4 27.Rd7+ Kf6
28.Rxc7 Ne3+ 29.Kd3 Nxg2 30.Nd2 Rh1 31.Rxb7 Nxh4 32.Rb6+ Ke5 33.Rxa6 Rh3+
34.Ke2 g5 35.Rh6 Rh2+ 36.Kd3 Rh3+ 37.Ke2 g4 38.Rxh5+ Kf4 39.Nf1 g3 40.Nxg3 Kxg3  1/2-1/2

[Event "Paris-ch"]
[Site "Paris"]
[Date "1991.??.??"]
[Round "1"]
[White "Smirin, Ilia"]
[Black "Gantet, Gerard"]
[Result "1-0"]
[WhiteElo "2560"]
[BlackElo "2255"]

1.d4 f5 2.Bg5 Nf6 3.Nd2 d5 4.e3 e6 5.Ngf3 Bd6 6.c4 c6 7.Bd3 O-O 8.O-O h6
9.Bf4 Bxf4 10.exf4 Ne4 11.Ne5 Bd7 12.Nb3 Na6 13.cxd5 exd5 14.f3 Nf6 15.Bxa6 bxa6
16.Nc5  1-0